[Event "Warsaw Najdorf Memorial op-A"]
[Site "Warsaw"]
[Date "2024.07.15"]
[Round "7"]
[White "Kaushik, Ashwath"]
[Black "Johannesson, Ingvar Thor"]
[Result "0-1"]
[WhiteElo "2029"]
[BlackElo "2314"]
[PlyCount "84"]
[EventDate "2024.07.09"]
[EventType "swiss"]
[EventRounds "9"]
[EventCountry "POL"]
[SourceTitle "EXT 2025"]
[Source "ChessBase"]
[SourceDate "2024.10.14"]
[SourceVersion "1"]
[SourceVersionDate "2024.10.14"]
[SourceQuality "1"]

1. e4 e6 2. d4 d5 3. Nd2 c5 4. Ngf3 cxd4 5. Nxd4 Nc6 6. Bb5 Bd7 7. Nxc6 bxc6 8. Bd3 Qc7 9. 0-0 Bd6 10. g3 Nf6 11. Re1 0-0 12. c4 dxe4 13. Nxe4 Nxe4 14. Bxe4 f5 15. Bg2 e5 16. b3 Rae8 17. Re2 e4 18. Rd2 Be5 19. Ba3 Rf7 20. Bd6 Bxd6 21. Rxd6 Be6 22. Qd2 Rd7 23. Rxd7 Qxd7 24. Rd1 Rd8 25. Qxd7 Rxd7 26. Rxd7 Bxd7 27. f3 exf3 28. Bxf3 c5 29. Kf2 g5 30. Bb7 a5 31. a3 Kf7 32. h4 gxh4 33. gxh4 Kf6 34. Kf3 Ke5 35. h5 h6 36. Ke3 f4+ 37. Kf3 Bf5 38. Bd5 Bc2 39. b4 cxb4 40. axb4 axb4 41. Bc6 b3 42. Ba4 Be4+ 0-1

[Event "Warsaw Najdorf Memorial op-A"]
[Site "Warsaw"]
[Date "2024.07.12"]
[Round "4"]
[White "Terkiewicz, Bruno"]
[Black "Johannesson, Ingvar Thor"]
[Result "1-0"]
[WhiteElo "2170"]
[BlackElo "2314"]
[PlyCount "95"]
[EventDate "2024.07.09"]
[EventType "swiss"]
[EventRounds "9"]
[EventCountry "POL"]
[SourceTitle "EXT 2025"]
[Source "ChessBase"]
[SourceDate "2024.10.14"]
[SourceVersion "1"]
[SourceVersionDate "2024.10.14"]
[SourceQuality "1"]

1. d4 Nf6 2. c4 e6 3. Nf3 d5 4. g3 Be7 5. Bg2 0-0 6. 0-0 dxc4 7. Qc2 b5 8. a4 b4 9. Ne5 Nd5 10. Nxc4 c5 11. dxc5 Bxc5 12. Rd1 Nd7 13. e4 N5b6 14. Na5 Ba6 15. Nb3 Rc8 16. a5 Be3 17. Nc3 Nc4 18. fxe3 bxc3 19. Qxc3 Nce5 20. Qd2 Nd3 21. Nd4 N7e5 22. b4 Qf6 23. b5 Bb7 24. Ba3 Rfd8 25. Qe2 Qg6 26. Rxd3 Nxd3 27. Qxd3 e5 28. Bb2 exd4 29. exd4 f5 30. d5 fxe4 31. Bxe4 Qh6 32. Rd1 Re8 33. Bd4 Rc1 34. Bf3 Rec8 35. Rxc1 Qxc1+ 36. Kg2 Rc2+ 37. Bf2 Qb2 38. Qe3 Qxb5 39. Qe6+ Kh8 40. Qf5 Qc5 41. Be4 Rxf2+ 42. Qxf2 Qd6 43. Qf4 Qd8 44. Qe5 Kg8 45. Qe6+ Kf8 46. Qf5+ Ke8 47. Qxh7 Bxd5 48. Qh8+ 1-0

[Event "Warsaw Najdorf Memorial op-A"]
[Site "Warsaw"]
[Date "2024.07.11"]
[Round "3"]
[White "Johannesson, Ingvar Thor"]
[Black "Rekuc, Patryk"]
[Result "1/2-1/2"]
[WhiteElo "2314"]
[BlackElo "2107"]
[PlyCount "107"]
[EventDate "2024.07.09"]
[EventType "swiss"]
[EventRounds "9"]
[EventCountry "POL"]
[SourceTitle "EXT 2025"]
[Source "ChessBase"]
[SourceDate "2024.10.14"]
[SourceVersion "1"]
[SourceVersionDate "2024.10.14"]
[SourceQuality "1"]

1. Nf3 c5 2. g3 g6 3. Bg2 Bg7 4. 0-0 Nf6 5. c3 0-0 6. d4 cxd4 7. cxd4 d5 8. Nc3 Nc6 9. Ne5 e6 10. Nxc6 bxc6 11. Na4 Nd7 12. Be3 Qa5 13. Rc1 Ba6 14. b3 Bb5 15. Nc3 Rac8 16. Qd2 Rfe8 17. Rc2 Bf8 18. Nxb5 Qxb5 19. Bh6 Ba3 20. Rd1 Qb4 21. Qd3 Qb5 22. Qd2 Qb4 23. Qd3 Qb5 24. Bc1 Bf8 25. Bb2 Qxd3 26. Rxd3 c5 27. dxc5 Rxc5 28. Rxc5 Nxc5 29. Rd1 a5 30. Rc1 Na6 31. Bf1 Nb4 32. a3 Na6 33. e3 Nc5 34. b4 axb4 35. axb4 Ne4 36. b5 Nd2 37. Be2 Bg7 38. Bc3 Bxc3 39. Rxc3 Rb8 40. Rc2 Nc4 41. Bxc4 dxc4 42. Rxc4 Rxb5 43. g4 h5 44. h3 hxg4 45. hxg4 g5 46. Kg2 Kg7 47. Kg3 Rb3 48. Kf3 Rb2 49. Rc3 Kg6 50. Kg3 e5 51. Rc6+ f6 52. Kf3 Ra2 53. Rc7 Rb2 54. Ra7 1/2-1/2

[Event "Warsaw Najdorf Memorial op-A"]
[Site "Warsaw"]
[Date "2024.07.09"]
[Round "1"]
[White "Johannesson, Ingvar Thor"]
[Black "Swara, Lakshmi S Nair"]
[Result "1-0"]
[WhiteElo "2314"]
[BlackElo "2049"]
[PlyCount "57"]
[EventDate "2024.07.09"]
[EventType "swiss"]
[EventRounds "9"]
[EventCountry "POL"]
[SourceTitle "EXT 2025"]
[Source "ChessBase"]
[SourceDate "2024.10.14"]
[SourceVersion "1"]
[SourceVersionDate "2024.10.14"]
[SourceQuality "1"]

1. c4 Nf6 2. g3 g6 3. Bg2 d5 4. cxd5 Nxd5 5. Nc3 Nb6 6. d3 Bg7 7. Be3 0-0 8. Qd2 Nc6 9. Bxc6 bxc6 10. Bh6 c5 11. h4 Bb7 12. Rh2 Qd4 13. h5 Rfd8 14. hxg6 hxg6 15. Rh4 Qf6 16. Bxg7 Qxg7 17. Qe3 c4 18. dxc4 Rd7 19. Rd1 Rad8 20. Rxd7 Rxd7 21. Nf3 Bxf3 22. Qxf3 g5 23. Rh1 e6 24. Rh5 Qg6 25. Ne4 g4 26. Qc3 Kf8 27. Rh8+ Ke7 28. Qb4+ Rd6 29. c5 1-0

[Event "Warsaw Maciei Memorial Blitz"]
[Site "Warsaw"]
[Date "2024.07.08"]
[Round "11"]
[White "Grochulski, Grzegorz"]
[Black "Johannesson, Ingvar Thor"]
[Result "0-1"]
[WhiteElo "2003"]
[BlackElo "2314"]
[PlyCount "54"]
[EventDate "2024.07.08"]
[EventType "swiss (blitz)"]
[EventRounds "11"]
[EventCountry "POL"]
[SourceTitle "CBM 221 Extra"]
[Source "ChessBase"]
[SourceDate "2024.09.30"]
[SourceVersion "1"]
[SourceVersionDate "2024.09.30"]
[SourceQuality "1"]

1. e4 e6 2. b3 d5 3. Bb2 Nc6 4. Bb5 Nge7 5. Qe2 d4 6. Nf3 a6 7. Bxc6+ Nxc6 8. e5 Bc5 9. Qe4 0-0 10. h4 f5 11. exf6 Qxf6 12. d3 Bb4+ 13. Nbd2 e5 14. 0-0-0 Bf5 15. Qe2 Qe7 16. Kb1 a5 17. Ng5 a4 18. g4 Bd7 19. Qe4 g6 20. Ndf3 Ra5 21. Bc1 axb3 22. cxb3 Bc3 23. h5 Rxa2 24. Qd5+ Be6 25. Qxe6+ Qxe6 26. Nxe6 Ra1+ 27. Kc2 Nb4# 0-1

[Event "Warsaw Maciei Memorial Blitz"]
[Site "Warsaw"]
[Date "2024.07.08"]
[Round "10"]
[White "Johannesson, Ingvar Thor"]
[Black "Janeczko, Jakub"]
[Result "0-1"]
[WhiteElo "2314"]
[BlackElo "2246"]
[PlyCount "88"]
[EventDate "2024.07.08"]
[EventType "swiss (blitz)"]
[EventRounds "11"]
[EventCountry "POL"]
[SourceTitle "CBM 221 Extra"]
[Source "ChessBase"]
[SourceDate "2024.09.30"]
[SourceVersion "1"]
[SourceVersionDate "2024.09.30"]
[SourceQuality "1"]

1. d4 Nf6 2. c4 c5 3. d5 b5 4. cxb5 a6 5. f3 axb5 6. e4 Qa5+ 7. Bd2 b4 8. Na3 d6 9. Nc4 Qc7 10. a3 e6 11. dxe6 Bxe6 12. axb4 Rxa1 13. Qxa1 d5 14. exd5 Nxd5 15. Qa5 cxb4 16. Qxc7 Nxc7 17. Bf4 Nba6 18. Nd6+ Kd7 19. Ne4 Nd5 20. Bd2 Nc5 21. Bb5+ Kc7 22. Ng5 Be7 23. Nxe6+ fxe6 24. Ne2 Bf6 25. Bc1 Rb8 26. Bc4 Nb6 27. Bb5 Nd5 28. Bc4 Nb6 29. Bb5 Nba4 30. Bc4 Nxb2 31. Bxb2 Bxb2 32. Kf2 b3 33. Nf4 Bd4+ 34. Ke2 b2 35. Rb1 Kd6 36. Nd3 Na4 37. Kd2 Nc3 38. Rxb2 Ne4+ 39. fxe4 Bxb2 40. e5+ Bxe5 41. g3 h5 42. Nf2 Rb2+ 43. Ke3 Bd4+ 44. Kxd4 Rxf2 0-1

[Event "Warsaw Maciei Memorial Blitz"]
[Site "Warsaw"]
[Date "2024.07.08"]
[Round "7"]
[White "Klimkowski, Jan"]
[Black "Johannesson, Ingvar Thor"]
[Result "1-0"]
[WhiteElo "2498"]
[BlackElo "2314"]
[PlyCount "161"]
[EventDate "2024.07.08"]
[EventType "swiss (blitz)"]
[EventRounds "11"]
[EventCountry "POL"]
[SourceTitle "CBM 221 Extra"]
[Source "ChessBase"]
[SourceDate "2024.09.30"]
[SourceVersion "1"]
[SourceVersionDate "2024.09.30"]
[SourceQuality "1"]

1. e4 e6 2. d4 d5 3. Nd2 Nf6 4. e5 Nfd7 5. Bd3 c5 6. c3 Nc6 7. Ngf3 g6 8. 0-0 Bg7 9. Re1 0-0 10. Nf1 f6 11. exf6 Qxf6 12. Bb5 cxd4 13. Bxc6 bxc6 14. cxd4 c5 15. dxc5 Nxc5 16. Be3 Ne4 17. Bd4 Qf7 18. Ng3 e5 19. Nxe4 exd4 20. Nd6 Qf6 21. Nxc8 Raxc8 22. Qb3 Rc5 23. Rac1 Qb6 24. Rxc5 Qxc5 25. h3 Qc4 26. Rd1 Qxb3 27. axb3 Rb8 28. Nxd4 Bxd4 29. Rxd4 Rxb3 30. Rxd5 Rxb2 31. Rd8+ Kg7 32. Rd7+ Kg8 33. Rxa7 Rc2 34. h4 h6 35. f3 Rc4 36. h5 gxh5 37. Kh2 h4 38. Kh3 Kh8 39. Re7 Rc2 40. Re4 Kg7 41. Rxh4 Rb2 42. Ra4 Rc2 43. g3 Rc5 44. Kg4 Rg5+ 45. Kf4 Rb5 46. Re4 Ra5 47. Re5 Ra3 48. Kg4 Rb3 49. Kf4 Kf6 50. Re4 Ra3 51. Rb4 Kg6 52. Rb6+ Kg7 53. Re6 Rb3 54. g4 Ra3 55. Re3 Ra5 56. Ke4 Kf6 57. Rd3 Ra4+ 58. Rd4 Ra3 59. Rd6+ Kg7 60. f4 Ra5 61. Rd5 Ra1 62. Ke5 Ra7 63. Ke6 Ra4 64. Rd7+ Kg8 65. Kf5 Ra6 66. Re7 Ra5+ 67. Kf6 Ra6+ 68. Re6 Ra4 69. Kg6 Kf8 70. Rf6+ Kg8 71. Kxh6 Ra7 72. f5 Rh7+ 73. Kg5 Ra7 74. Re6 Kf7 75. Rb6 Rc7 76. Kh6 Rc5 77. Rb7+ Kf6 78. Rb6+ Kf7 79. Kg5 Ra5 80. Rb7+ Kf8 81. Kg6 1-0

[Event "ISL-chT Kvika 2223"]
[Site "Reykjavik"]
[Date "2023.03.18"]
[Round "9.3"]
[White "Johannesson, Ingvar Thor"]
[Black "Bjornsson, Sigurbjorn"]
[Result "1-0"]
[WhiteElo "2271"]
[BlackElo "2310"]
[PlyCount "107"]
[EventDate "2022.10.13"]
[EventType "team-tourn"]
[EventRounds "10"]
[EventCountry "ISL"]
[SourceTitle "CBM 213 Extra"]
[Source "ChessBase"]
[SourceDate "2023.05.31"]
[SourceVersion "1"]
[SourceVersionDate "2023.05.31"]
[SourceQuality "1"]
[WhiteTeam "Taflfelag Reykjavikur"]
[BlackTeam "Skakdeild Fjolnis"]
[WhiteTeamCountry "ISL"]
[BlackTeamCountry "ISL"]

1. d4 Nf6 2. c4 g6 3. Nc3 Bg7 4. e4 d6 5. Nf3 0-0 6. Be2 Nbd7 7. 0-0 e5 8. Re1 Qe7 9. Bf1 c6 10. Rb1 a5 11. b3 exd4 12. Nxd4 Ng4 13. Qxg4 Bxd4 14. Qg3 Nc5 15. Bh6 Re8 16. Rbd1 Be5 17. f4 Bf6 18. e5 dxe5 19. fxe5 Bh4 20. Qf3 Bxe1 21. Rxe1 Bf5 22. Re3 Qh4 23. Bf4 Rad8 24. Bg3 Qg4 25. Qf2 Nd3 26. Bxd3 Rxd3 27. Rxd3 Bxd3 28. h3 Qg5 29. Na4 Qc1+ 30. Kh2 Qc2 31. Qf6 Be4 32. Bf2 Re6 33. Qd8+ Kg7 34. Qd4 b6 35. c5 b5 36. Nc3 Bd5 37. Nxd5 cxd5 38. Bh4 Qe4 39. Bf6+ Kf8 40. Qc3 b4 41. Qc1 Rxe5 42. c6 Rf5 43. c7 Rxf6 44. c8Q+ Kg7 45. Qg4 Qe5+ 46. Qg3 Qe2 47. Qa1 Qe6 48. Qge5 Qc6 49. Qad4 h5 50. Kg3 Qa6 51. Qef4 Qe6 52. Qde5 Qc6 53. Kh4 d4 54. Qfxd4 1-0

[Event "Titled Tuesday intern op 14th Mar Late"]
[Site "Chess.com INT"]
[Date "2023.03.14"]
[Round "6"]
[White "Zampronha, Wladimir Camilo"]
[Black "Johannesson, Ingvar Thor"]
[Result "0-1"]
[WhiteElo "2163"]
[BlackElo "2271"]
[PlyCount "88"]
[EventDate "2023.03.14"]
[EventType "swiss (blitz)"]
[EventRounds "11"]
[EventCountry "USA"]
[SourceTitle "EXT 2024"]
[Source "ChessBase"]
[SourceDate "2023.10.10"]
[SourceVersion "1"]
[SourceVersionDate "2023.10.10"]
[SourceQuality "1"]

1. e4 e6 2. d4 d5 3. Nc3 Bb4 4. e5 Qd7 5. f4 b6 6. Nf3 Ba6 7. Bxa6 Nxa6 8. 0-0 Nh6 9. Kh1 Bxc3 10. bxc3 Nb8 11. a4 Nc6 12. Qe2 Na5 13. Be3 Nc4 14. Bf2 a5 15. Nd2 Qc6 16. Nxc4 dxc4 17. h3 Nf5 18. Kh2 h5 19. Bg1 h4 20. Qf3 Qxf3 21. Rxf3 0-0-0 22. Be3 Kb7 23. Bd2 Kc6 24. Rb1 Rb8 25. Rff1 Rb7 26. Rb5 Rd8 27. Rfb1 Rd5 28. Kg1 Rxb5 29. Rxb5 Kd7 30. Kf2 c6 31. Rb1 b5 32. Kf3 Kc7 33. Ra1 b4 34. Rb1 c5 35. dxc5 b3 36. cxb3 Rxb3 37. Rd1 Kc6 38. Ke4 Rb2 39. Bc1 Rxg2 40. Rd8 Rg3 41. Rc8+ Kd7 42. Rf8 Rxc3 43. Bd2 Rd3 44. Bc1 Ng3# 0-1

[Event "ISL-chT Kvika 2223"]
[Site "Reykjavik"]
[Date "2022.10.15"]
[Round "3.2"]
[White "Arngrimsson, Dagur"]
[Black "Johannesson, Ingvar Thor"]
[Result "1/2-1/2"]
[WhiteElo "2377"]
[BlackElo "2319"]
[PlyCount "59"]
[EventDate "2022.10.13"]
[EventType "team-tourn"]
[EventRounds "10"]
[EventCountry "ISL"]
[SourceTitle "CBM 213 Extra"]
[Source "ChessBase"]
[SourceDate "2023.05.31"]
[SourceVersion "1"]
[SourceVersionDate "2023.05.31"]
[SourceQuality "1"]
[WhiteTeam "Taflfelag Gardjabaejar"]
[BlackTeam "Taflfelag Reykjavikur"]
[WhiteTeamCountry "ISL"]
[BlackTeamCountry "ISL"]

1. d4 Nf6 2. c4 e6 3. Nf3 d5 4. Nbd2 Be7 5. g3 0-0 6. Bg2 b6 7. cxd5 exd5 8. 0-0 Bb7 9. Ne5 Nbd7 10. b3 Re8 11. Bb2 Bf8 12. Ndf3 Ne4 13. Rc1 c5 14. Bh3 Nxe5 15. Nxe5 Ng5 16. Bg2 Ne4 17. dxc5 bxc5 18. Bxe4 dxe4 19. Qd7 Qe7 20. Rfd1 f6 21. Nc4 Rad8 22. Qxe7 Bxe7 23. Ba3 Ba6 24. Kf1 Kf7 25. Ne3 Rxd1+ 26. Rxd1 Bc8 27. Ke1 Be6 28. Nd5 Bxd5 29. Rxd5 Ke6 30. Rd2 1/2-1/2

[Event "Titled Tuesday intern op 04th Oct Late"]
[Site "Chess.com INT"]
[Date "2022.10.04"]
[Round "5"]
[White "Johannesson, Ingvar Thor"]
[Black "Jegorovas, Aleksandras"]
[Result "0-1"]
[WhiteElo "2319"]
[BlackElo "2270"]
[PlyCount "78"]
[EventDate "2022.10.04"]
[EventType "swiss (blitz)"]
[EventRounds "11"]
[EventCountry "USA"]
[SourceTitle "EXT 2023"]
[Source "ChessBase"]
[SourceDate "2022.10.05"]
[SourceVersion "1"]
[SourceVersionDate "2022.10.05"]
[SourceQuality "1"]

1. d4 e6 2. e4 d5 3. e5 c5 4. c3 Nc6 5. Nf3 Bd7 6. Bd3 Qb6 7. 0-0 cxd4 8. cxd4 Nxd4 9. Nbd2 Nc6 10. Nb3 Nge7 11. Be3 Qd8 12. Bc5 Ng6 13. Re1 Bxc5 14. Nxc5 0-0 15. Rb1 b6 16. Nb3 Qe7 17. Bxg6 fxg6 18. Nbd4 Nxd4 19. Nxd4 Rfc8 20. Qd2 Rc4 21. b3 Rc5 22. Re3 Rac8 23. Rbe1 h6 24. g3 g5 25. Kg2 Be8 26. Rh1 Bg6 27. h4 g4 28. Rhe1 Be4+ 29. Rxe4 dxe4 30. Rxe4 Qb7 31. Qf4 Rf8 32. Qxg4 Rxe5 33. f3 Rxe4 34. fxe4 e5 35. Qe6+ Qf7 36. Qxf7+ Kxf7 37. Nf5 Rd8 38. Kf3 Rd2 39. h5 Rxa2 0-1

[Event "ISL-chT1 2122"]
[Site "Reykjavik"]
[Date "2021.10.03"]
[Round "5.3"]
[White "Johannesson, Ingvar Thor"]
[Black "Bjornsson, Sigurbjorn"]
[Result "1/2-1/2"]
[WhiteElo "2346"]
[BlackElo "2306"]
[PlyCount "20"]
[EventDate "2021.09.30"]
[EventType "team-tourn"]
[EventRounds "10"]
[EventCountry "ISL"]
[SourceTitle "EXT 2022"]
[Source "ChessBase"]
[SourceDate "2021.10.06"]
[SourceVersion "1"]
[SourceVersionDate "2021.10.06"]
[SourceQuality "1"]
[WhiteTeam "Taflfelag Reykjavikur"]
[BlackTeam "Skakdeild Fjolnis"]
[WhiteTeamCountry "ISL"]
[BlackTeamCountry "ISL"]

1. c4 e5 2. g3 Nf6 3. Bg2 d5 4. cxd5 Nxd5 5. Nf3 Nc6 6. 0-0 Be7 7. d4 e4 8. Ne5 f5 9. Nxc6 bxc6 10. Nc3 0-0 1/2-1/2

[Event "ISL-chT1 2122"]
[Site "Reykjavik"]
[Date "2021.10.02"]
[Round "3.2"]
[White "Petersson, Baldur Teodor"]
[Black "Johannesson, Ingvar Thor"]
[Result "1/2-1/2"]
[WhiteElo "2214"]
[BlackElo "2346"]
[PlyCount "59"]
[EventDate "2021.09.30"]
[EventType "team-tourn"]
[EventRounds "10"]
[EventCountry "ISL"]
[SourceTitle "EXT 2022"]
[Source "ChessBase"]
[SourceDate "2021.10.06"]
[SourceVersion "1"]
[SourceVersionDate "2021.10.06"]
[SourceQuality "1"]
[WhiteTeam "Taflfelag Gardabaejar"]
[BlackTeam "Taflfelag Reykjavikur"]
[WhiteTeamCountry "ISL"]
[BlackTeamCountry "ISL"]

1. e4 e6 2. d3 d5 3. Nd2 Nf6 4. Ngf3 Nc6 5. c3 a5 6. e5 Nd7 7. d4 f6 8. Bb5 Be7 9. exf6 Bxf6 10. 0-0 0-0 11. Re1 Re8 12. Nf1 Ncb8 13. Bd3 b6 14. Ne3 Ba6 15. Bb1 c5 16. Ng4 Nc6 17. Re3 Nf8 18. Nfe5 Bxe5 19. Nxe5 Nxe5 20. Rxe5 Qf6 21. Bg5 Qf7 22. Re3 cxd4 23. Qxd4 e5 24. Qxb6 Qh5 25. h4 h6 26. Bf6 Re6 27. Rg3 Rxb6 28. Rxg7+ Kh8 29. Rh7+ Kg8 30. Rg7+ 1/2-1/2

[Event "EU-Cup 36th"]
[Site "Struga"]
[Date "2021.09.23"]
[Round "6.4"]
[White "Postny, Evgeny"]
[Black "Johannesson, Ingvar Thor"]
[Result "1-0"]
[WhiteElo "2564"]
[BlackElo "2346"]
[PlyCount "85"]
[EventDate "2021.09.18"]
[EventType "team-swiss"]
[EventRounds "7"]
[EventCountry "MKD"]
[SourceTitle "CBM 204 Extra"]
[Source "ChessBase"]
[SourceDate "2021.11.30"]
[SourceVersion "1"]
[SourceVersionDate "2021.11.30"]
[SourceQuality "1"]
[WhiteTeam "Beer Sheva"]
[BlackTeam "Reykjavik"]
[WhiteTeamCountry "ISR"]
[BlackTeamCountry "ISL"]

1. d4 e6 2. c4 d5 3. Nf3 a6 4. cxd5 exd5 5. Nc3 h6 6. Bf4 Nf6 7. e3 Bd6 8. Bd3 0-0 9. Ne5 Nbd7 10. Bg3 Qe7 11. f4 b6 12. Qf3 Bb7 13. Bh4 Qe8 14. 0-0 Bb4 15. Rac1 Bxc3 16. Rxc3 c5 17. Bf5 Nxe5 18. fxe5 Ne4 19. Bxe4 dxe4 20. Qg3 Kh7 21. dxc5 bxc5 22. Rxc5 Rc8 23. Rxc8 Qxc8 24. Be7 Re8 25. Bd6 Qe6 26. b3 Rc8 27. Qf2 Kg8 28. h3 Rc3 29. Rd1 Bc6 30. Rd4 Rd3 31. Rc4 Bb5 32. Rc7 Rd1+ 33. Kh2 Rf1 34. Qg3 Kh7 35. Bf8 Qg6 36. Qxg6+ Kxg6 37. e6 Rf6 38. e7 Re6 39. g4 h5 40. gxh5+ Kxh5 41. Bxg7 Kg6 42. Bd4 f6 43. Kg3 1-0

[Event "Titled Tuesday intern op 7th April"]
[Site "Chess.com INT"]
[Date "2020.04.07"]
[Round "2"]
[White "Johannesson, Ingvar Thor"]
[Black "Kukhmazov, Arsen"]
[Result "0-1"]
[WhiteElo "2336"]
[BlackElo "2384"]
[PlyCount "80"]
[EventDate "2020.04.07"]
[EventType "swiss (blitz)"]
[EventRounds "10"]
[EventCountry "USA"]
[SourceTitle "EXT 2021"]
[Source "ChessBase"]
[SourceDate "2020.10.23"]
[SourceVersion "1"]
[SourceVersionDate "2020.10.23"]
[SourceQuality "1"]

1. d4 Nf6 2. Nf3 d5 3. Bf4 c5 4. e3 Nc6 5. c3 Qb6 6. Qb3 c4 7. Qc2 Bf5 8. Qc1 Nh5 9. Be5 f6 10. Bg3 e5 11. Be2 Bd3 12. dxe5 Nxg3 13. hxg3 fxe5 14. Qd2 e4 15. Nd4 Ne5 16. 0-0 Be7 17. f4 Nd7 18. a4 0-0 19. Na3 a6 20. Bg4 Nc5 21. Rf2 Bf6 22. Qd1 Rad8 23. Nac2 Qxb2 24. Qe1 Qb6 25. a5 Qc7 26. Nb4 Nb3 27. Raa2 Nxd4 28. exd4 Rfe8 29. Qe3 Kh8 30. Bh3 Be7 31. g4 Bxb4 32. cxb4 c3 33. Ra1 c2 34. Rc1 Qc4 35. g5 Qxb4 36. f5 Rf8 37. f6 gxf6 38. gxf6 Qd6 39. Qg5 Rg8 40. Qf5 Rdf8 0-1

[Event "Titled Tuesday intern op 7th April"]
[Site "Chess.com INT"]
[Date "2020.04.07"]
[Round "4"]
[White "Johannesson, Ingvar Thor"]
[Black "Mostbauer, Florian"]
[Result "0-1"]
[WhiteElo "2336"]
[BlackElo "2309"]
[PlyCount "62"]
[EventDate "2020.04.07"]
[EventType "swiss (blitz)"]
[EventRounds "10"]
[EventCountry "USA"]
[SourceTitle "EXT 2021"]
[Source "ChessBase"]
[SourceDate "2020.10.23"]
[SourceVersion "1"]
[SourceVersionDate "2020.10.23"]
[SourceQuality "1"]

1. d4 d5 2. Bf4 c5 3. e3 Nc6 4. c3 cxd4 5. exd4 Nf6 6. Nd2 Bg4 7. Qb3 Qc8 8. h3 Bh5 9. Ngf3 e6 10. Bd3 Be7 11. 0-0 0-0 12. Rae1 a6 13. Re3 b5 14. Ne5 Nxe5 15. Bxe5 Bg6 16. Bxg6 hxg6 17. Bxf6 Bxf6 18. f4 Qc6 19. Nf3 a5 20. g4 Qc4 21. Qc2 Rfc8 22. g5 Bxd4 23. Nxd4 Qxd4 24. Qf2 Qc5 25. h4 d4 26. cxd4 Qxd4 27. h5 gxh5 28. f5 Rc2 29. Qxc2 Qxe3+ 30. Kg2 Qxg5+ 31. Kh2 Qh4+ 0-1

[Event "Titled Tuesday intern op 7th April"]
[Site "Chess.com INT"]
[Date "2020.04.07"]
[Round "3"]
[White "Kovacs, Klara"]
[Black "Johannesson, Ingvar Thor"]
[Result "1/2-1/2"]
[WhiteElo "2268"]
[BlackElo "2336"]
[PlyCount "92"]
[EventDate "2020.04.07"]
[EventType "swiss (blitz)"]
[EventRounds "10"]
[EventCountry "USA"]
[SourceTitle "EXT 2021"]
[Source "ChessBase"]
[SourceDate "2020.10.23"]
[SourceVersion "1"]
[SourceVersionDate "2020.10.23"]
[SourceQuality "1"]

1. Nf3 c5 2. g3 Nc6 3. c4 g6 4. Bg2 Bg7 5. 0-0 d6 6. Nc3 Bf5 7. d3 Qd7 8. Re1 Bh3 9. Bh1 h5 10. Bg5 f6 11. Bd2 h4 12. Nd5 0-0-0 13. b4 hxg3 14. fxg3 Nh6 15. Rb1 Ng4 16. Qa4 e6 17. b5 Nb8 18. Nf4 g5 19. Nxh3 Rxh3 20. Qxa7 Nxh2 21. Nxh2 Rdh8 22. Bg2 Rxh2 23. a4 f5 24. a5 Bd4+ 25. e3 Qh7 26. Qxb7+ Qxb7 27. Bxb7+ Kxb7 28. a6+ Kb6 29. exd4 Rxd2 30. Rxe6 Rhh2 31. Rxd6+ Kc7 32. dxc5 Rdg2+ 33. Kf1 Ra2 34. b6+ Kc8 35. Kg1 Rag2+ 36. Kf1 Ra2 37. Kg1 Nxa6 38. b7+ Kc7 39. Rxa6 Rag2+ 40. Kf1 Rf2+ 41. Ke1 Re2+ 42. Kf1 Rhf2+ 43. Kg1 Rg2+ 44. Kf1 Rgf2+ 45. Kg1 Rg2+ 46. Kf1 Rgf2+ 1/2-1/2

[Event "EU-Cup 35th"]
[Site "Ulcinj"]
[Date "2019.11.12"]
[Round "3.16"]
[White "De Schampheleire, Glen"]
[Black "Johannesson, Ingvar Thor"]
[Result "1-0"]
[WhiteElo "2359"]
[BlackElo "2352"]
[PlyCount "79"]
[EventDate "2019.11.10"]
[EventType "team-swiss"]
[EventRounds "7"]
[EventCountry "MNE"]
[SourceTitle "CBM 193 Extra"]
[Source "ChessBase"]
[SourceDate "2020.01.31"]
[SourceVersion "1"]
[SourceVersionDate "2020.01.31"]
[SourceQuality "1"]
[WhiteTeam "Sas van Gent"]
[BlackTeam "Reykjavik"]
[WhiteTeamCountry "NED"]
[BlackTeamCountry "ISL"]

1. Nf3 c5 2. g3 Nc6 3. d4 cxd4 4. Nxd4 Qb6 5. Nb3 Nf6 6. Bg2 e6 7. 0-0 d6 8. a4 Be7 9. e4 0-0 10. Nc3 Ne5 11. Qe2 a6 12. a5 Qc7 13. f4 Nc4 14. Ra4 b5 15. axb6 Nxb6 16. Ra2 d5 17. e5 Nfd7 18. Be3 Nc4 19. Bxd5 Nxe3 20. Bxa8 Nxf1 21. Kxf1 Nb6 22. Be4 Nc4 23. Nd1 Rd8 24. Bd3 Qc6 25. Qg2 Qb6 26. Qe4 Rxd3 27. Qxd3 a5 28. Kg2 Bb7+ 29. Kh3 Qc6 30. Qe2 a4 31. Nd4 Qh1 32. Rxa4 Nd2 33. Ne3 Ne4 34. Ra7 g5 35. Rxb7 Nxg3 36. Rb8+ Kg7 37. Kxg3 h5 38. Nef5+ exf5 39. Nxf5+ Kh7 40. Qxh5# 1-0